00541nam a22001697a 450000500170000001000150001702000260003203500130005803700130007108200080008410000190009224500850011126000360019627000670023230000210029950000510032020140821114642.0 aENG-110592 c399.00a9788131759219 aEN-94124 bDBAD/PUB a483 aGill, Japinder aVocabulary advantage for GRE/CAT/GMAT and other examinations /cby Japinder Gill aNoidabDorling Kindersleyc2012 a7th Floor Knowledge Boulvard, A-8(A) Sector 62 bNoidae201309 a426p.c27cm(pbk) aIncludes bibliographical references and index